Dirección y planeación estratégicas / (Registro nro. 3774)
[ vista simple ]
| 000 -LEADER | |
|---|---|
| fixed length control field | 01461nam a2200301Ia 4500 |
| 003 - CONTROL NUMBER IDENTIFIER | |
| control field | OSt |
| 005 - DATE AND TIME OF LATEST TRANSACTION | |
| control field | 20201015131635.0 |
| 008 - FIXED-LENGTH DATA ELEMENTS--GENERAL INFORMATION | |
| fixed length control field | 191128s2002 ck gr 000 0 spa d |
| 020 ## - INTERNATIONAL STANDARD BOOK NUMBER | |
| International Standard Book Number | 9588075505 |
| 040 ## - CATALOGING SOURCE | |
| Original cataloging agency | CO-JMCR |
| Transcribing agency | CO-JMCR |
| 041 0# - LANGUAGE CODE | |
| Language code of text/sound track or separate title | spa |
| 082 04 - DEWEY DECIMAL CLASSIFICATION NUMBER | |
| Classification number | 658.401 / |
| Item number | P153d |
| Edition number | 23 |
| 082 ## - DEWEY DECIMAL CLASSIFICATION NUMBER | |
| Item number | |
| 100 1# - MAIN ENTRY--PERSONAL NAME | |
| Personal name | Palacios Botero, Francisco Alonso, |
| Relator term | autor |
| 9 (RLIN) | 11577 |
| 245 10 - TITLE STATEMENT | |
| Title | Dirección y planeación estratégicas / |
| Statement of responsibility, etc. | Francisco Alonso Palacios Botero |
| 250 ## - EDITION STATEMENT | |
| Edition statement | Primera edición |
| 260 ## - PUBLICATION, DISTRIBUTION, ETC. | |
| Place of publication, distribution, etc. | Medellín : |
| Name of publisher, distributor, etc. | Biblioteca Jurídica Diké, |
| Date of publication, distribution, etc. | 2002. |
| 300 ## - PHYSICAL DESCRIPTION | |
| Extent | 177 páginas ; |
| Dimensions | 24 cm. |
| 500 ## - GENERAL NOTE | |
| General note | Incluye bibliografía. Incluye índice temático. |
| 505 0# - FORMATTED CONTENTS NOTE | |
| Formatted contents note | La planeación y la gestión estratégicas corporativas -- Fundamentos filosóficos de la organización -- El mundo real -- El mundo de las decisiones -- El mundo de la gestión -- Formulación y contenido del plan estratégico corporativo |
| 520 0# - SUMMARY, ETC. | |
| Summary, etc. | En este libro el autor presenta de manera ordenada y concisa los conceptos fundamentales de la dirección y la planeación estrátegicas. Las actividades de las empresas se desarrollan en un universo compuesto por cuatro grandes campos que interactúan entre |
| 650 24 - SUBJECT ADDED ENTRY--TOPICAL TERM | |
| Topical term or geographic name entry element | Administración de empresas |
| General subdivision | Empresas |
| 9 (RLIN) | 11578 |
| 650 24 - SUBJECT ADDED ENTRY--TOPICAL TERM | |
| Topical term or geographic name entry element | Dirección y administración |
| 9 (RLIN) | 11579 |
| 650 24 - SUBJECT ADDED ENTRY--TOPICAL TERM | |
| Topical term or geographic name entry element | Planificación estratégica |
| 9 (RLIN) | 262 |
| 650 24 - SUBJECT ADDED ENTRY--TOPICAL TERM | |
| Topical term or geographic name entry element | Planificación empresarial |
| 9 (RLIN) | 263 |
| 650 24 - SUBJECT ADDED ENTRY--TOPICAL TERM | |
| Topical term or geographic name entry element | Cultura corporativa |
| 9 (RLIN) | 11580 |
| 942 ## - ADDED ENTRY ELEMENTS (KOHA) | |
| Source of classification or shelving scheme | Dewey Decimal Classification |
| Koha item type | Books |
| Withdrawn status | Lost status | Source of classification or shelving scheme | Materials specified (bound volume or other part) | Damaged status | Not for loan | Home library | Current library | Shelving location | Date acquired | Source of acquisition | Full call number | Barcode | Date last seen | Copy number | Price effective from | Koha item type |
|---|---|---|---|---|---|---|---|---|---|---|---|---|---|---|---|---|
| Dewey Decimal Classification | Donación--01/12/2017-- | Biblioteca Pública José María del Castillo y Rada | Biblioteca Pública José María del Castillo y Rada | General Stacks | 11/28/2019 | Donación | 658.401 / P153d | 201808205 | 05/16/2024 | Ej.1 | 11/28/2019 | Books |